书目信息 |
| 题名: |
花粉营养价值与食疗
|
|
| 作者: | 王开发 编著 | |
| 分册: | ||
| 出版信息: | 北京 化学工业出版社 2009 |
|
| 页数: | 175页 | |
| 开本: | 24cm | |
| 丛书名: | ||
| 单 册: | ||
| 中图分类: | Q944.58 , R247.1 | |
| 科图分类: | ||
| 主题词: | 花粉--植物营养 , 花粉--食物疗法 , 花粉 , 植物营养 , 食物疗法 | |
| 电子资源: | ||
| ISBN: | 978-7-122-03805-0 | |
| 000 | 00998nam0 2200289 45 | |
| 001 | 1033077406 | |
| 005 | 20100407171138.81 | |
| 010 | @a978-7-122-03805-0@dCNY49.00 | |
| 100 | @a20100401d2009 em y0chiy50 ea | |
| 101 | 0 | @achi |
| 102 | @aCN@b110000 | |
| 105 | @aa z 000yy | |
| 106 | @ar | |
| 200 | 1 | @a花粉营养价值与食疗@AHua Fen Ying Yang Jia Zhi Yu Shi Liao@f王开发编著@FWang Kai Fa Bian Zhu |
| 210 | @a北京@c化学工业出版社@d2009 | |
| 215 | @a175页@c图@d24cm | |
| 330 | @a本书全面介绍了花粉的基础知识和在医疗保健方面的作用。从花粉的利用概况、花粉的基本知识、花粉各种营养成分及生理活性、花粉对人体各种疾病的防治和美容疗效、我国民间流传的花粉保健经验处方等做了深入浅出的介绍和解释。 | |
| 606 | 0 | @a花粉@x植物营养 |
| 606 | 0 | @a花粉@x食物疗法 |
| 606 | 0 | @a花粉 |
| 606 | 0 | @a植物营养 |
| 606 | 0 | @a食物疗法 |
| 690 | @aQ944.58@v4 | |
| 690 | @aR247.1@v4 | |
| 701 | 0 | @a王开发@AWang Kai Fa@f(1934~)@4编著 |
| 801 | 0 | @aCN@bTANGWEI@c20100407 |
| 905 | @b0588163-67@dQ944.58@e188@f5 | |
| 花粉营养价值与食疗/王开发编著.-北京:化学工业出版社,2009 |
| 175页:图;24cm |
| ISBN 978-7-122-03805-0:CNY49.00 |
| 本书全面介绍了花粉的基础知识和在医疗保健方面的作用。从花粉的利用概况、花粉的基本知识、花粉各种营养成分及生理活性、花粉对人体各种疾病的防治和美容疗效、我国民间流传的花粉保健经验处方等做了深入浅出的介绍和解释。 |
| ● |
| 相关链接 |
|
|
|
|
正题名:花粉营养价值与食疗
索取号:Q944.58/188
 
预约/预借
| 序号 | 登录号 | 条形码 | 馆藏地/架位号 | 状态 | 备注 |
| 1 | 0588163 | 205881633 | 第二样本阅览室/ [索取号:Q944.58/188] | 在馆 | |
| 2 | 0588164 | 205881642 | 第三借阅区/ [索取号:Q944.58/188] | 在馆 | |
| 3 | 0588165 | 205881651 | 第三借阅区/ [索取号:Q944.58/188] | 在馆 | |
| 4 | 0588166 | 205881660 | 第三借阅区/ [索取号:Q944.58/188] | 在馆 | |
| 5 | 0588167 | 205881679 | 第三借阅区/ [索取号:Q944.58/188] | 在馆 |